[Event "Europa ch 2008"]
[Site "Plovdiv BUL"]
[Date "2008.04.26"]
[Round "6.46"]
[White "Asrian, Karen"]
[Black "Vuckovic, Bojan"]
[Result "1/2-1/2"]
[WhiteElo "2630"]
[BlackElo "2556"]
[PlyCount "81"]
[EventDate "2008.04.21"]
[Source "www.chesslib.no"]
[SourceDate "2004.05.04"]

1. c4 Nf6 2. g3 c6 3. Nf3 d5 4. b3 Bg4 5. Bg2 Nbd7 6. Bb2 e6 7. O-O Be7 8. d3 O-O 9. Nbd2 a5 10. a3 Re8 11. h3 Bh5 12. Nh4 e5 13. cxd5 cxd5 14. g4 Bg6 15. Nxg6 hxg6 16. e3 Bf8 17. Qe2 Nc5 18. Rac1 Qd6 19. Rc2 Qa6 20. g5 Nh7 21. Bxd5 Rad8 22. Bg2 Nxg5 23. Qg4 Nge6 24. Bxe5 Nxd3 25. Bg3 Bxa3 26. Nf3 Bd6 27. Rd2 Bxg3 28. Qxg3 Ndc5 29. Rxd8 Rxd8 30. Ne5 Qd6 31. Rb1 Nxb3 32. Nxf7 Qxg3 33. fxg3 Rd3 34. Ne5 Rxe3 35. Nxg6 Nec5 36. Kf2 Rd3 37. Bd5+ Kh7 38. Nf4 Rc3 39. Ne2 Rd3 40. Nf4 Rc3 41. Ne2 1/2-1/2

[Event "Rubinstein Memorial"]
[Site "Polanica Zdroj POL"]
[Date "1995.??.??"]
[Round "3"]
[White "Markowski, Tomasz"]
[Black "Huebner, Robert"]
[Result "1/2-1/2"]
[WhiteElo "2470"]
[BlackElo "2620"]
[PlyCount "47"]
[EventDate "1995.08.??"]
[Source "www.chesslib.no"]
[SourceDate "2004.05.04"]

1. c4 Nf6 2. g3 c6 3. Nf3 d5 4. b3 Bg4 5. Bg2 e6 6. Bb2 Be7 7. O-O O-O 8. d3 a5 9. a3 Na6 10. Nbd2 Nd7 11. Qc2 Bh5 12. Rac1 Bf6 13. Bxf6 Qxf6 14. Rb1 Nac5 15. Rfc1 h6 16. b4 axb4 17. axb4 Na4 18. cxd5 exd5 19. Nb3 Bxf3 20. Bxf3 Ne5 21. Bg2 Ng4 22. Bf3 Ne5 23. Bg2 Ng4 24. Bf3 1/2-1/2

[Event "Stara Pazova"]
[Site "Stara Pazova"]
[Date "1988.??.??"]
[Round "6"]
[White "Kovacevic, Vlatko"]
[Black "Popovic, Petar"]
[Result "1-0"]
[WhiteElo "2515"]
[BlackElo "2570"]
[PlyCount "89"]
[EventDate "1988.10.??"]
[Source "www.chesslib.no"]
[SourceDate "2004.05.04"]

1. c4 Nf6 2. g3 c6 3. b3 d5 4. Nf3 Bg4 5. Bg2 Nbd7 6. Bb2 e6 7. d3 a5 8. a3 Bc5 9. O-O O-O 10. Nbd2 Re8 11. Qc2 Qb6 12. e4 dxe4 13. dxe4 e5 14. h3 Bh5 15. Rae1 Rad8 16. Qd1 Bf8 17. g4 Bg6 18. Qa1 h6 19. Re2 Qc7 20. Bc3 Nh7 21. b4 axb4 22. axb4 Ng5 23. Nxg5 hxg5 24. Rd1 c5 25. b5 Ra8 26. Qb2 Nb6 27. Ree1 f6 28. Ra1 Bf7 29. Bf1 Na4 30. Qb3 Nxc3 31. Qxc3 Bd6 32. Bd3 Qb6 33. Nf1 Bc7 34. Ne3 Rxa1 35. Rxa1 Rd8 36. Nd5 Bxd5 37. exd5 e4 38. Bxe4 Qd6 39. Kf1 Qf4 40. Qf3 Qe5 41. Re1 Kf8 42. Bg6 Qd4 43. Re4 Qa1+ 44. Kg2 Be5 45. Qf5 1-0

[Event "Biel Open"]
[Site "Biel SUI"]
[Date "1995.??.??"]
[Round "6"]
[White "Markowski, Tomasz"]
[Black "Chernin, Alexander M"]
[Result "1/2-1/2"]
[WhiteElo "2470"]
[BlackElo "2600"]
[PlyCount "61"]
[EventDate "1995.07.??"]
[Source "www.chesslib.no"]
[SourceDate "2004.05.04"]

1. c4 Nf6 2. g3 c6 3. Nf3 d5 4. b3 Bg4 5. Bg2 e6 6. O-O a5 7. a3 Nbd7 8. Bb2 Qb6 9. cxd5 cxd5 10. d3 Rc8 11. Nbd2 Bc5 12. h3 Bh5 13. Rb1 O-O 14. b4 axb4 15. axb4 Be7 16. g4 Bg6 17. Nh4 Nb8 18. Ndf3 Nfd7 19. b5 Qd8 20. Nxg6 hxg6 21. Qd2 Bf6 22. Ba3 Re8 23. Rfc1 Nb6 24. Rxc8 Nxc8 25. Rc1 Nd7 26. g5 Be7 27. Bb2 Nd6 28. Qc3 Bf8 29. Qc7 Nxb5 30. Qxb7 Nd6 31. Qc7 1/2-1/2

[Event "Andorra Open"]
[Site "Andorra"]
[Date "1993.??.??"]
[Round "5"]
[White "Sher, Miron N"]
[Black "Lalic, Bogdan"]
[Result "1/2-1/2"]
[WhiteElo "2535"]
[BlackElo "2520"]
[PlyCount "30"]
[EventDate "1993.06.??"]
[Source "www.chesslib.no"]
[SourceDate "2004.05.04"]

1. c4 Nf6 2. g3 c6 3. Nf3 d5 4. b3 Bg4 5. Bg2 Bxf3 6. Bxf3 g6 7. Bb2 Bg7 8. O-O O-O 9. d3 Re8 10. Nd2 e5 11. Bg2 Nbd7 12. b4 Qe7 13. Qb3 e4 14. cxd5 cxd5 15. dxe4 Nxe4 1/2-1/2

[Event "Ljubljana"]
[Site "Ljubljana"]
[Date "1992.??.??"]
[Round "?"]
[White "Sorokin, Maxim"]
[Black "Shipov, Sergei"]
[Result "1-0"]
[WhiteElo "2570"]
[BlackElo "2460"]
[PlyCount "143"]
[EventDate "1992.??.??"]
[Source "www.chesslib.no"]
[SourceDate "2004.05.04"]

1. c4 Nf6 2. g3 c6 3. Nf3 d5 4. b3 Bg4 5. Bb2 Bxf3 6. exf3 e6 7. Bg2 Be7 8. O-O a5 9. d4 O-O 10. Nd2 a4 11. c5 Na6 12. Bc3 b6 13. b4 Nc7 14. f4 Nb5 15. Qc2 Ne8 16. Rfe1 Bf6 17. Nf3 bxc5 18. bxc5 Nec7 19. Bf1 Qd7 20. Qd3 Rfb8 21. Bd2 a3 22. Rab1 Ra4 23. Be3 Rba8 24. Rec1 Qc8 25. Rb3 Qa6 26. g4 g6 27. Rcb1 Qa5 28. Bd2 Qa7 29. Rb4 Rxb4 30. Rxb4 Qb8 31. Ne5 Qe8 32. h4 Bg7 33. Qe3 f6 34. Nf3 f5 35. Ne5 h5 36. gxh5 gxh5 37. Be2 Kh7 38. Kh2 Bf6 39. Kh3 Kh6 40. Bd1 Ra7 41. Rb1 Na6 42. Be2 Rg7 43. Nxc6 Qxc6 44. Bxb5 Qc8 45. Be2 Nb8 46. Bc3 Nc6 47. Bf3 Rg6 48. Rb6 Bd8 49. Rb1 Qd7 50. Kh2 Qe7 51. Bg2 Qxh4+ 52. Bh3 Bc7 53. Bd2 Qf6 54. Qe5 Bxe5 55. fxe5+ Qg5 56. Bxg5+ Kxg5 57. Rb6 Nxd4 58. c6 Kf4 59. Rb4 Kxe5 60. f4+ Kxf4 61. Rxd4+ Ke5 62. Ra4 Kd6 63. Rxa3 Rg8 64. Bf1 Kxc6 65. Ra6+ Kd7 66. a4 Rc8 67. a5 f4 68. Rxe6 Kxe6 69. Bh3+ Kd6 70. Bxc8 Kc5 71. Bd7 d4 72. a6 1-0

[Event "13th HIT Open A"]
[Site "Nova Gorica SLO"]
[Date "2008.01.27"]
[Round "2"]
[White "Skoberne, J."]
[Black "Gonda, L."]
[Result "1/2-1/2"]
[WhiteElo "2484"]
[BlackElo "2507"]
[PlyCount "84"]
[EventDate "2008.01.26"]
[Source "www.chesslib.no"]
[SourceDate "2004.05.04"]

1. c4 Nf6 2. g3 c6 3. Nf3 d5 4. b3 Bg4 5. Bg2 e6 6. O-O Nbd7 7. Bb2 Bd6 8. d3 O-O 9. h3 Bxf3 10. Bxf3 a5 11. cxd5 exd5 12. Nc3 Nc5 13. Rc1 Re8 14. Bg2 Qb6 15. Na4 Nxa4 16. Bxf6 Nc5 17. Bd4 Qb5 18. Bc3 Ne6 19. e4 dxe4 20. dxe4 Rad8 21. Qg4 Bc5 22. Kh2 Bd4 23. Qf5 Qxf5 24. exf5 Bxc3 25. fxe6 Bb4 26. exf7+ Kxf7 27. Rfd1 Rxd1 28. Rxd1 Re2 29. Rd7+ Kf6 30. Rxb7 Rxf2 31. Rb6 Rxa2 32. Rxc6+ Ke5 33. Rc7 g5 34. Rd7 Rb2 35. Rd5+ Kf6 36. Rd3 Be1 37. Kh1 h5 38. Ba8 h4 39. Rf3+ Kg7 40. gxh4 gxh4 41. Bd5 Bg3 42. Be6 Re2 1/2-1/2

[Event "Belgorod"]
[Site "Belgorod"]
[Date "1990.??.??"]
[Round "?"]
[White "Sher, Miron N"]
[Black "Kiselev, Sergey"]
[Result "1-0"]
[WhiteElo "2500"]
[BlackElo "2450"]
[PlyCount "79"]
[EventDate "1990.??.??"]
[Source "www.chesslib.no"]
[SourceDate "2004.05.04"]

1. c4 Nf6 2. Nf3 c6 3. g3 d5 4. b3 Bg4 5. Bg2 Nbd7 6. Bb2 e6 7. O-O Bd6 8. d3 O-O 9. Nbd2 a5 10. a3 e5 11. h3 Bh5 12. Qc2 d4 13. Rfe1 Re8 14. e3 dxe3 15. Rxe3 Qc7 16. Rae1 Bg6 17. Nh4 Bc5 18. R3e2 Bh5 19. Ndf3 e4 20. dxe4 Bxf3 21. Nxf3 Qxg3 22. b4 Ba7 23. e5 Nh5 24. c5 Qg6 25. Qc4 Nf8 26. Qh4 Ne6 27. Re4 Qf5 28. Nd4 Nxd4 29. Bxd4 g6 30. Bf1 Ng7 31. e6 Rxe6 32. Re5 g5 33. Qg3 Qf4 34. Qc3 axb4 35. axb4 Rd8 36. R1e4 Rxd4 37. Qxd4 Qf6 38. Rxe6 Qxd4 39. Rxd4 Nxe6 40. Rd7 1-0

[Event "Oakham"]
[Site "Oakham"]
[Date "1994.??.??"]
[Round "7"]
[White "McNab, Colin Anderson"]
[Black "Prie, Eric"]
[Result "1/2-1/2"]
[WhiteElo "2460"]
[BlackElo "2475"]
[PlyCount "32"]
[EventDate "1994.??.??"]
[Source "www.chesslib.no"]
[SourceDate "2004.05.04"]

1. c4 Nf6 2. Nf3 c6 3. g3 d5 4. b3 Bg4 5. Bg2 Nbd7 6. Bb2 e6 7. h3 Bxf3 8. Bxf3 a5 9. O-O a4 10. d3 axb3 11. axb3 Rxa1 12. Bxa1 Bb4 13. cxd5 exd5 14. e4 Qa5 15. Bb2 dxe4 16. dxe4 O-O 1/2-1/2

[Event "otb"]
[Site "otb"]
[Date "2007.05.08"]
[Round "7"]
[White "Meshkov Yuri A"]
[Black "Ionov Sergey"]
[Result "1/2-1/2"]
[WhiteElo "2389"]
[BlackElo "2539"]
[PlyCount "58"]
[Source "www.chesslib.no"]
[SourceDate "2004.05.04"]

1. c4 Nf6 2. g3 c6 3. Nf3 d5 4. b3 Bg4 5. Bg2 e6 6. Bb2 Nbd7 7. O-O Bd6 8. d3 O-O 9. Nbd2 Re8 10. h3 Bh5 11. Qc2 e5 12. e4 dxe4 13. dxe4 a5 14. Rad1 Qc7 15. g4 Bg6 16. Nh4 Nc5 17. Nf5 Bf8 18. Nf3 Nfd7 19. Rd2 f6 20. Rfd1 Rad8 21. g5 Ne6 22. gxf6 gxf6 23. N5h4 Ndc5 24. Bc1 Kf7 25. Rxd8 Rxd8 26. Be3 Nf4 27. Bxf4 exf4 28. Qe2 Rxd1+ 29. Qxd1 Ne6 1/2-1/2

[Event "Deutschland"]
[Site "?"]
[Date "1998.12.13"]
[Round "3.3"]
[White "Becker Marc"]
[Black "Rotstein Arkadij"]
[Result "1/2-1/2"]
[WhiteElo "2430"]
[BlackElo "2485"]
[PlyCount "77"]
[EventDate "1998.??.??"]
[Source "www.chesslib.no"]
[SourceDate "2004.05.04"]

1. c4 Nf6 2. Nf3 c6 3. g3 d5 4. b3 Bg4 5. Bg2 Nbd7 6. Bb2 e6 7. O-O Be7 8. d3 O-O 9. Nbd2 a5 10. a3 Re8 11. h3 Bxf3 12. Nxf3 Bf8 13. d4 Ne4 14. Qc2 b5 15. Ne5 Nxe5 16. Bxe4 dxe4 17. dxe5 e3 18. f4 Qb6 19. c5 Bxc5 20. Rac1 Bf8 21. Qxc6 Qxc6 22. Rxc6 Red8 23. Rfc1 Rd2 24. R1c2 Rad8 25. Bc1 g5 26. fxg5 Kg7 27. Kf1 Kg6 28. Rc8 Rxc2 29. Rxc2 Kxg5 30. Bxe3+ Kf5 31. Rc7 Kg6 32. Bc5 Rd1+ 33. Kf2 Rc1 34. b4 Rc3 35. Rc8 Bxc5+ 36. Rxc5 Rxa3 37. Rxb5 axb4 38. Rxb4 h5 39. Rb8 1/2-1/2

[Event "12th Open Ljubljana SLO"]
[Site "?"]
[Date "2001.??.??"]
[Round "6"]
[White "Loncar, R."]
[Black "Farago, I."]
[Result "0-1"]
[WhiteElo "2430"]
[BlackElo "2485"]
[PlyCount "118"]
[EventDate "2001.??.??"]
[Source "www.chesslib.no"]
[SourceDate "2004.05.04"]

1. c4 Nf6 2. g3 c6 3. Nf3 d5 4. b3 Bg4 5. Ne5 Bh5 6. Bb2 e6 7. Bg2 Be7 8. O-O O-O 9. d4 Nbd7 10. Nd3 Bg6 11. Nf4 Bf5 12. Nc3 h6 13. cxd5 cxd5 14. f3 Bb4 15. a3 Bxc3 16. Bxc3 Qb6 17. Kh1 Rfc8 18. Rc1 Rc6 19. b4 Rac8 20. Bb2 Rxc1 21. Bxc1 Qc6 22. g4 Bh7 23. h4 Qc3 24. g5 Bc2 25. Qe1 Qxe1 26. Rxe1 hxg5 27. hxg5 Nh7 28. g6 Bxg6 29. Nxg6 fxg6 30. Bh3 Nhf8 31. Bf4 Rc3 32. Ra1 Kf7 33. Kg1 Nb6 34. Bb8 a6 35. Bd6 Nfd7 36. a4 Nc4 37. Bg3 Rb3 38. Be1 Nb8 39. b5 axb5 40. axb5 Rxb5 41. Ra8 Nc6 42. Bf2 Rb1+ 43. Kg2 Rb2 44. Rc8 Rxe2 45. Rc7+ Kf6 46. Kg1 Ne3 47. f4 Nf5 48. Rxb7 Ncxd4 49. Bxf5 Nxf5 50. Bb6 Ng3 51. Bd8+ Kf5 52. Rxg7 Kg4 53. Ra7 Kf3 54. Ra3+ Re3 55. Ra1 Ne2+ 56. Kh2 Nxf4 57. Bg5 Re2+ 58. Kh1 e5 59. Bh4 d4 0-1

[Event "Melbourne Masters"]
[Site "Melbourne AUS"]
[Date "1995.??.??"]
[Round "3"]
[White "Kagan, Naum"]
[Black "Johansen, Darryl K"]
[Result "1/2-1/2"]
[WhiteElo "2395"]
[BlackElo "2500"]
[PlyCount "52"]
[EventDate "1995.??.??"]
[Source "www.chesslib.no"]
[SourceDate "2004.05.04"]

1. Nf3 Nf6 2. c4 c6 3. g3 d5 4. b3 Bg4 5. Bb2 e6 6. Bg2 Nbd7 7. O-O Bd6 8. d3 O-O 9. Nbd2 a5 10. a3 Re8 11. Qc2 e5 12. e4 dxe4 13. dxe4 Qe7 14. h3 Bh5 15. Nh4 Bc5 16. Nf5 Qf8 17. Kh2 Be2 18. Rfe1 Bh5 19. Nf1 Bg6 20. g4 h6 21. N1g3 Red8 22. Red1 Re8 23. Rd2 Nb8 24. Qd1 Na6 25. Qf3 Re6 26. h4 Rd8 1/2-1/2

[Event "Oostende op"]
[Site "Oostende"]
[Date "1991.??.??"]
[Round "9"]
[White "Winants, Luc"]
[Black "Berg, Klaus"]
[Result "1-0"]
[WhiteElo "2500"]
[BlackElo "2390"]
[PlyCount "77"]
[EventDate "1991.09.??"]
[Source "www.chesslib.no"]
[SourceDate "2004.05.04"]

1. c4 Nf6 2. g3 c6 3. Nf3 d5 4. b3 Bg4 5. Bg2 e6 6. O-O Bd6 7. Bb2 O-O 8. d3 Nbd7 9. Nbd2 e5 10. Re1 Re8 11. Nf1 Bxf3 12. exf3 Qb6 13. Ne3 Bc5 14. Qc2 Rad8 15. Re2 Bd4 16. Rae1 Bxb2 17. Qxb2 Nc5 18. Qb1 a5 19. cxd5 Nxd5 20. d4 Nc3 21. dxc5 Nxe2+ 22. Rxe2 Qxc5 23. h4 Re6 24. Bf1 b5 25. Rc2 Qa3 26. Qa1 a4 27. bxa4 Qxa4 28. Qc1 Qa6 29. h5 g6 30. h6 Qb7 31. Rc5 Ra8 32. Qc3 b4 33. Qb2 Qa7 34. Qxb4 Qxa2 35. Bc4 Qa1+ 36. Kg2 Rf6 37. Ng4 Rf5 38. Rxc6 e4 39. fxe4 1-0

[Event "Czech Open, Pardubice CZE"]
[Site "?"]
[Date "2001.??.??"]
[Round "1"]
[White "Moehring, G."]
[Black "Korotylev, A."]
[Result "0-1"]
[WhiteElo "2305"]
[BlackElo "2570"]
[PlyCount "104"]
[EventDate "2001.??.??"]
[Source "www.chesslib.no"]
[SourceDate "2004.05.04"]

1. Nf3 Nf6 2. g3 d5 3. c4 c6 4. b3 Bg4 5. Bb2 e6 6. Bg2 Nbd7 7. O-O Be7 8. d3 O-O 9. Nbd2 a5 10. a3 Re8 11. Qb1 Bh5 12. b4 Qb8 13. e4 Bg6 14. Nh4 Bh5 15. Nhf3 Bf8 16. h3 e5 17. cxd5 cxd5 18. b5 d4 19. Nc4 a4 20. Bc1 Nc5 21. Nb6 Ra7 22. g4 Bg6 23. Nd2 Qd8 24. Ndc4 Re6 25. g5 Nfxe4 26. dxe4 Rxb6 27. Nxb6 Qxb6 28. Ra2 Ra8 29. Kh1 Nb3 30. Rd1 Qxb5 31. f3 Bh5 32. Rc2 Qd7 33. Kh2 b5 34. Rd3 Rc8 35. Rxb3 axb3 36. Qxb3 Rxc2 37. Qxc2 f6 38. gxf6 gxf6 39. Bf1 Bf7 40. h4 Be6 41. Qb2 Bc4 42. Bh3 Qc6 43. Bd2 Kh8 44. Qc1 d3 45. Kg3 Qa6 46. Bb4 Bxb4 47. axb4 Qd6 48. Qd2 Kg7 49. Kg2 Qa6 50. Bf5 Qa1 51. h5 h6 52. Qf2 Bf7 0-1

[Event "Hamar Open"]
[Site "Hamar"]
[Date "1983.??.??"]
[Round "1"]
[White "Bjarnason, Saevar"]
[Black "Petursson, Margeir"]
[Result "1/2-1/2"]
[WhiteElo "2420"]
[BlackElo "2455"]
[PlyCount "20"]
[EventDate "1983.01.??"]
[Source "www.chesslib.no"]
[SourceDate "2004.05.04"]

1. Nf3 Nf6 2. g3 d5 3. c4 c6 4. b3 Bg4 5. Bg2 Nbd7 6. Bb2 e6 7. O-O Be7 8. d3 O-O 9. Nbd2 a5 10. a3 Qc7 1/2-1/2

[Event "VolmacII"]
[Site "VolmacII-Amstelveen"]
[Date "1991.??.??"]
[Round "2"]
[White "Winants, Luc"]
[Black "Van de Oudeweetering, Arthur"]
[Result "1-0"]
[WhiteElo "2505"]
[BlackElo "2360"]
[PlyCount "85"]
[EventDate "1991.??.??"]
[Source "www.chesslib.no"]
[SourceDate "2004.05.04"]

1. c4 c6 2. Nf3 d5 3. b3 Nf6 4. g3 Bg4 5. Bg2 Nbd7 6. Bb2 e6 7. O-O Bd6 8. d3 O-O 9. Nbd2 a5 10. a3 Re8 11. Re1 e5 12. Nf1 Qb6 13. cxd5 cxd5 14. Ne3 Nc5 15. Nxe5 Bxe5 16. d4 Bd6 17. dxc5 Bxc5 18. Nxg4 Nxg4 19. e3 Nxf2 20. Kxf2 Bxe3+ 21. Rxe3 Qxe3+ 22. Kf1 Rad8 23. Bd4 Qg5 24. Kg1 Rd6 25. Qd3 Rde6 26. Bf2 Rd6 27. Rd1 d4 28. Bxb7 h5 29. Bg2 Qg4 30. b4 axb4 31. axb4 Rb8 32. Rb1 Qd7 33. Bf1 f5 34. b5 f4 35. Bg2 h4 36. gxf4 Rbb6 37. h3 Rg6 38. f5 Rg5 39. Bxh4 Rxf5 40. Bc6 Qc8 41. Re1 Rxc6 42. bxc6 Rc5 43. Qg6 1-0

[Event "FRA-chT N2 Sud"]
[Site "FRA"]
[Date "2002.12.08"]
[Round "4.1"]
[White "Anic, Darko"]
[Black "Bujisho, Benjamin"]
[Result "1/2-1/2"]
[WhiteElo "2457"]
[BlackElo "2400"]
[PlyCount "94"]
[EventDate "2002.10.13"]
[Source "Roberto Alvarez"]
[SourceDate "2003.07.07"]

1. Nf3 Nf6 2. c4 c6 3. g3 d5 4. b3 Bg4 5. Bg2 e6 6. Bb2 Nbd7 7. O-O Bd6 8. d3 O-O 9. Nbd2 Qe7 10. h3 Bh5 11. e4 dxe4 12. dxe4 e5 13. Qc2 Bxf3 14. Nxf3 Ba3 15. Bc3 Bb4 16. Bxb4 Qxb4 17. a3 Qe7 18. b4 c5 19. Rfb1 b6 20. b5 a6 21. a4 a5 22. Rd1 Rfd8 23. h4 Ng4 24. Ra3 Nf8 25. Rd5 Rxd5 26. cxd5 f6 27. Nd2 Nh6 28. Nc4 Rb8 29. Rd3 Nf7 30. d6 Qb7 31. Rd5 Ne6 32. Qd1 Rd8 33. Bh3 Nd4 34. f4 Qb8 35. Rxd4 cxd4 36. Be6 Rxd6 37. Nxd6 Qxd6 38. Qb3 Qc7 39. Qd5 g6 40. fxe5 fxe5 41. Bxf7+ Qxf7 42. Qxe5 d3 43. Qd4 Qf3 44. Qd8+ Kg7 45. Qd7+ Kg8 46. Qd8+ Kg7 47. Qe7+ Kg8 1/2-1/2

[Event "1er Open International"]
[Site "Niort"]
[Date "2004.07.09"]
[Round "7"]
[White "Spiridonov, Nikola"]
[Black "Solodovnichenko, Yuri"]
[Result "0-1"]
[WhiteElo "2342"]
[BlackElo "2507"]
[PlyCount "96"]
[EventDate "2004.07.05"]
[Source "Roberto Alvarez"]
[SourceDate "2003.08.04"]

1. c4 Nf6 2. g3 c6 3. Nf3 d5 4. b3 Bg4 5. Bg2 e6 6. O-O Be7 7. d3 O-O 8. Nbd2 Nbd7 9. Bb2 a5 10. a3 h6 11. Rc1 Re8 12. h3 Bh5 13. Rc2 Bg6 14. Qa1 Bf8 15. Ne5 Nxe5 16. Bxe5 Nd7 17. Bb2 Qb6 18. Bd4 c5 19. Bb2 d4 20. Re1 h5 21. h4 Ne5 22. Bc1 Qc7 23. Ne4 Ng4 24. Bd2 Kh8 25. Qb1 f5 26. Ng5 Bd6 27. Qc1 e5 28. Nh3 Rf8 29. Ng5 Rae8 30. Bd5 e4 31. Bf4 e3 32. fxe3 Nxe3 33. Rf1 Rf6 34. Rf2 Nxc2 35. Qxc2 Re3 36. Kg2 Bxf4 37. Rxf4 Rb6 38. Bf3 Qe5 39. Qd1 Be8 40. Kf2 a4 41. bxa4 Rb2 42. a5 g6 43. Kf1 Kg7 44. a6 bxa6 45. Nh3 Ba4 46. Qe1 Qc7 47. Ng1 Bc2 48. Qa1 Rb1+ 0-1

[Event "71. ch-BRA"]
[Site "?"]
[Date "2005.02.17"]
[Round "5"]
[White "Matsuura Everaldo"]
[Black "Coelho Luis"]
[Result "0-1"]
[WhiteElo "2462"]
[BlackElo "2381"]
[PlyCount "104"]
[EventDate "2005.??.??"]
[Source "www.chesslib.no"]
[SourceDate "2004.05.04"]

1. Nf3 Nf6 2. c4 c6 3. b3 d5 4. g3 Bg4 5. Bg2 e6 6. Bb2 Nbd7 7. O-O Bd6 8. d3 O-O 9. Nbd2 a5 10. a3 Re8 11. h3 Bh5 12. Qc2 Qe7 13. e4 dxe4 14. dxe4 e5 15. Nh4 Bg6 16. Rfe1 Bc5 17. Nf5 Qd8 18. Nf1 Qb6 19. N1e3 Bxf5 20. exf5 Rad8 21. Bc3 Bd4 22. b4 Bxc3 23. Qxc3 Qd4 24. Qb3 axb4 25. axb4 e4 26. Red1 Qb6 27. Qc3 h6 28. c5 Qc7 29. Nc4 Nd5 30. Qb3 N7f6 31. Re1 b5 32. Nd6 Rxd6 33. cxd6 Qxd6 34. Rad1 Qe5 35. g4 e3 36. fxe3 Qg3 37. Qb2 Ne4 38. Ra1 Ng5 39. Kh1 Nxe3 40. Bxc6 Nxh3 41. Re2 Nf4 42. Rg1 Qh4+ 43. Rh2 Qd8 44. Bxe8 Qa8+ 45. Rhg2 Nfxg2 46. Rxg2 Nxg2 47. Bxf7+ Kxf7 48. Qxg2 Qxg2+ 49. Kxg2 Kf6 50. Kf3 Kg5 51. Kg3 h5 52. gxh5 Kxf5 0-1

[Event "Capablanca mem-B"]
[Site "Cuba"]
[Date "1993.??.??"]
[Round "8"]
[White "Sanchez Almeyra, Jorge"]
[Black "Sorin, Ariel"]
[Result "1/2-1/2"]
[WhiteElo "2415"]
[BlackElo "2425"]
[PlyCount "26"]
[EventDate "1993.??.??"]
[Source "www.chesslib.no"]
[SourceDate "2004.05.04"]

1. Nf3 Nf6 2. c4 c6 3. g3 d5 4. b3 Bg4 5. Bg2 Nbd7 6. Bb2 e6 7. O-O Bd6 8. d3 O-O 9. Nbd2 e5 10. Qc2 Re8 11. e4 dxe4 12. dxe4 a5 13. a3 Bc5 1/2-1/2

[Event "Yerevan op"]
[Site "?"]
[Date "1996.??.??"]
[Round "7"]
[White "Sher Miron N"]
[Black "Gurgenidze Bukhuti"]
[Result "1/2-1/2"]
[WhiteElo "2500"]
[BlackElo "2340"]
[PlyCount "43"]
[EventDate "1996.??.??"]
[Source "www.chesslib.no"]
[SourceDate "2004.05.04"]

1. c4 Nf6 2. g3 c6 3. Nf3 d5 4. b3 Bg4 5. Bg2 Nbd7 6. Bb2 e6 7. O-O Be7 8. d3 O-O 9. Nbd2 a5 10. a3 Bxf3 11. Nxf3 Qb6 12. Qc2 Rfd8 13. Rab1 Ne8 14. e3 Bf6 15. d4 a4 16. bxa4 Qa6 17. cxd5 cxd5 18. Rfc1 Qxa4 19. Qxa4 Rxa4 20. Bc3 Rxa3 21. Rxb7 Rc8 22. Rxd7 1/2-1/2

[Event "49. TCh-ESP Honor 1"]
[Site "?"]
[Date "2005.08.27"]
[Round "4"]
[White "Andres Gonzalez Alberto"]
[Black "Carrasco Martinez Juan M"]
[Result "0-1"]
[WhiteElo "2413"]
[BlackElo "2419"]
[PlyCount "88"]
[EventDate "2005.??.??"]
[Source "www.chesslib.no"]
[SourceDate "2004.05.04"]

1. Nf3 Nf6 2. g3 d5 3. c4 c6 4. b3 Bg4 5. Bg2 Nbd7 6. d3 e6 7. O-O Bd6 8. Bb2 O-O 9. a3 Re8 10. Nc3 a5 11. Qc2 e5 12. h3 Bh5 13. Nh4 d4 14. Ne4 Nxe4 15. dxe4 Qb6 16. Rab1 Bf8 17. Bf3 Bxf3 18. Nxf3 c5 19. Bc1 Qg6 20. Nh4 Qc6 21. a4 g6 22. f3 Be7 23. Ng2 Rf8 24. Bh6 Rfd8 25. h4 f5 26. Rf2 Qe6 27. Bg5 Bxg5 28. hxg5 Rf8 29. e3 Qe7 30. exd4 cxd4 31. exf5 Rxf5 32. g4 Rf7 33. Qd2 Nc5 34. b4 axb4 35. Rxb4 Raf8 36. Rb5 Ne4 37. fxe4 Rxf2 38. Qxf2 Rxf2 39. Kxf2 Qf7+ 40. Kg3 Qxc4 41. Rxe5 Qc7 42. Kf4 d3 43. Ne3 d2 44. a5 Kf7 0-1

[Event "ARG-ch Superior"]
[Site "Buenos Aires"]
[Date "2002.??.??"]
[Round "4"]
[White "Rubinetti, Jorge Alberto"]
[Black "Labollita, Martin"]
[Result "0-1"]
[WhiteElo "2429"]
[BlackElo "2393"]
[PlyCount "90"]
[EventDate "2002.09.15"]
[Source "ChessBase"]
[SourceDate "2002.11.06"]

1. Nf3 d5 2. c4 c6 3. b3 Nf6 4. g3 Bg4 5. Bg2 e6 6. O-O Nbd7 7. Bb2 Bd6 8. d3 Qe7 9. a3 a5 10. Nbd2 O-O 11. Qc2 Rfe8 12. Rfe1 Qf8 13. Nf1 Bh5 14. Ne3 Ng4 15. Nxg4 Bxg4 16. Qc1 Bh5 17. Nd2 Bg6 18. Bc3 b5 19. Bd4 Rac8 20. Ra2 Be5 21. Bxe5 Nxe5 22. Qa1 Nd7 23. Rc1 h6 24. Rac2 Kh7 25. cxb5 cxb5 26. Qb2 Rxc2 27. Rxc2 Rc8 28. Rxc8 Qxc8 29. b4 axb4 30. Qxb4 Qc1+ 31. Bf1 Ne5 32. Nb3 Qd1 33. Qc3 Bf5 34. Nd2 d4 35. Qxd4 Qxd2 36. Qxe5 Qc1 37. Qf4 Qxa3 38. g4 Bg6 39. h4 b4 40. h5 b3 41. hxg6+ fxg6 42. Bg2 b2 43. Be4 b1=Q+ 44. Kg2 Qac1 45. Qf7 Qh1+ 0-1

[Event "Lanzarote"]
[Site "Lanzarote"]
[Date "1976.??.??"]
[Round "11"]
[White "Fraguela Gil, Jose M"]
[Black "Pomar Salamanca, Arturo"]
[Result "1/2-1/2"]
[WhiteElo "2380"]
[BlackElo "2430"]
[PlyCount "20"]
[EventDate "1976.05.??"]
[Source "www.chesslib.no"]
[SourceDate "2004.05.04"]

1. c4 Nf6 2. g3 c6 3. Nf3 d5 4. b3 Bg4 5. Bg2 Nbd7 6. Bb2 e6 7. O-O h5 8. a3 Bd6 9. d3 Qe7 10. Nbd2 Rg8 1/2-1/2

[Event "Masters"]
[Site "Trieste ITA"]
[Date "2007.09.07"]
[Round "8"]
[White "Barletta, M."]
[Black "Komarov, D."]
[Result "0-1"]
[WhiteElo "2257"]
[BlackElo "2550"]
[PlyCount "100"]
[EventDate "2007.09.01"]
[Source "www.chesslib.no"]
[SourceDate "2004.05.04"]

1. c4 Nf6 2. g3 c6 3. Nf3 d5 4. b3 Bg4 5. Bb2 Bxf3 6. exf3 Nbd7 7. d4 e6 8. Be2 dxc4 9. bxc4 b5 10. O-O bxc4 11. Nd2 Nb6 12. Nxc4 Nxc4 13. Bxc4 Be7 14. Qa4 Qd7 15. d5 exd5 16. Rad1 Rb8 17. Bxf6 Rb4 18. Qa5 gxf6 19. Bb3 Kf8 20. Rfe1 h5 21. Re3 Kg7 22. Qa6 h4 23. g4 Rhb8 24. Qd3 Bc5 25. Re4 Rxe4 26. Qxe4 Bd6 27. Qd3 Qe7 28. Bc2 Rh8 29. Qe3 Qe5 30. Qxe5 fxe5 31. Ba4 Rc8 32. h3 Kf6 33. Rb1 c5 34. Bd7 Rc7 35. Bf5 c4 36. Kf1 Rc5 37. Ke2 Ra5 38. Rb2 Ra3 39. Bb1 e4 40. fxe4 d4 41. Rb5 Rxh3 42. f4 d3+ 43. Kf2 Bc7 44. e5+ Kg7 45. Rb7 Bb6+ 46. Kg2 Re3 47. Rd7 Re1 48. Bxd3 cxd3 49. Rxd3 Re2+ 50. Kh3 Re3+ 0-1

[Event "Moscow ol (Men)"]
[Site "Moscow"]
[Date "1994.??.??"]
[Round "6"]
[White "Daly, Colm"]
[Black "Sunye Neto, Jaime"]
[Result "1/2-1/2"]
[WhiteElo "2265"]
[BlackElo "2535"]
[PlyCount "68"]
[EventDate "1994.11.??"]
[Source "ChessBase"]

1. c4 Nf6 2. g3 c6 3. Nf3 d5 4. b3 Bg4 5. Ne5 Bf5 6. Bg2 e6 7. Bb2 Nbd7 8. Nxd7 Qxd7 9. cxd5 cxd5 10. Bxf6 gxf6 11. O-O h5 12. h4 Be4 13. d4 f5 14. e3 Bd6 15. Nc3 Bxg2 16. Kxg2 O-O-O 17. Rc1 Kb8 18. Qd3 Rhg8 19. Ne2 Qe7 20. Rh1 Rg4 21. Rc2 Rdg8 22. Kf1 f6 23. Ke1 Re8 24. Kd1 Qd7 25. Kc1 e5 26. Kb1 Bc7 27. Rd1 Bb6 28. Qc3 Qe6 29. Rcd2 Rg7 30. Qd3 a6 31. Rc2 Rg4 32. Qc3 Rg7 33. Qd2 Rg4 34. Qc3 Rg7 1/2-1/2